000 00295nam a2200121Ia 4500
008 190216s9999||||xx |||||||||||||| ||und||
100 _aUsman Moothedam
245 0 _aMarxisam Yukthivadam Islam
260 _bIndia Islahi Centre U A E
300 _a84
650 _aIslamic History
942 _cBK
999 _c22267
_d22267